000
00320 a2200157 4500
001
187737
020
_a
85-322-5657-0
040
_c
Magnum
240
1
0
_a
Geografia do mundo
_l
por
245
1
0
_a
Geografia do mundo
300
_a
239
362
0
_a
2005
440
1
_a
FTD
697
_a
GEOGRAFIA DO BRASIL
942
_c
BK
999
_c
187737
_d
187737